[Event "CCCSA IM Norm C 2019"]
[Site "Charlotte"]
[Date "2019.06.08"]
[Round "6.2"]
[White "Martin Del Campo C., Roberto"]
[Black "Hevia Alejano, Carlos Antonio"]
[Result "1-0"]
[WhiteElo "2311"]
[BlackElo "2481"]
[Annotator "ChessBase"]
[PlyCount "111"]
[EventDate "2019.06.05"]
[EventType "tourn"]
[EventCountry "USA"]
[SourceTitle "playchess.com"]
[Source "ChessBase"]
[SourceQuality "1"]
[TimeControl "5400+30"]

1. e4 {[%emt 1:30:30]} c5 {[%emt 1:30:30]} 2. Nf3 {[%emt 0:00:30]} a6 {[%emt 0:00:30]} 3. c3 {[%emt 0:00:30]} e6 {[%emt 0:00:30]} 4. d4 {[%emt 0:00:30]} d5 {[%emt 0:00:30]} 5. e5 {[%emt 0:00:30]} Bd7 {[%emt 0:00:30]} 6. Bd3 {[%emt 0:00:30]} Bb5 {[%emt 0:00:30]} 7. Bxb5+ {[%emt 0:00:30]} axb5 {[%emt 0:00:30]} 8. dxc5 {[%emt 0:00:30]} Bxc5 {[%emt 0:00:30]} 9. b4 {[%emt 0:00:30]} Bb6 {[%emt 0:00:30]} 10. Na3 {[%emt 0:00:30]} f6 {[%emt 0:00:30]} 11. Nxb5 {[%emt 0:00:30]} fxe5 {[%emt 0:00:30]} 12. Nxe5 {[%emt 0:00:30]} Nf6 {[%emt 0:00:30]} 13. Qe2 {[%emt 0:00:30]} O-O {[%emt 0:00:30]} 14. O-O {[%emt 0:00:30]} Ne4 {[%emt 0:00:30]} 15. Be3 {[%emt 0:00:30]} Rf5 {[%emt 0:00:30]} 16. Nf3 {[%emt 0:00:30]} Nc6 {[%emt 0:00:30]} 17. a4 {[%emt 0:00:30]} Bc7 {[%emt 0:00:30]} 18. Nxc7 {[%emt 0:00:30]} Qxc7 {[%emt 0:00:30]} 19. Rfc1 {[%emt 0:00:30]} Raf8 {[%emt 0:00:30]} 20. Nd4 {[%emt 0:00:30]} Nxd4 {[%emt 0:00:30]} 21. cxd4 {[%emt 0:00:30]} Qd6 {[%emt 0:00:30]} 22. f3 {[%emt 0:00:30]} Rh5 {[%emt 0:00:30]} 23. g4 {[%emt 0:00:30]} Rh3 {[%emt 0:00:30]} 24. fxe4 {[%emt 0:00:30]} Rff3 {[%emt 0:00:30]} 25. e5 {[%emt 0:00:30]} Qd8 {[%emt 0:00:30]} 26. Bf2 {[%emt 0:00:30]} h5 {[%emt 0:00:30]} 27. Kh1 {[%emt 0:00:30]} hxg4 {[%emt 0:00:30]} 28. Rg1 {[%emt 0:00:30]} Qf8 {[%emt 0:00:30]} 29. Bg3 {[%emt 0:00:30]} Qxb4 {[%emt 0:00:30]} 30. Raf1 {[%emt 0:00:30]} Qxa4 {[%emt 0:00:30]} 31. Rxf3 {[%emt 0:00:30]} gxf3 {[%emt 0:00:30]} 32. Qe3 {[%emt 0:00:30]} Rh5 {[%emt 0:00:30]} 33. Bf2 {[%emt 0:00:30]} Rf5 {[%emt 0:00:30]} 34. h4 {[%emt 0:00:30]} Qd7 {[%emt 0:00:30]} 35. Rg5 {[%emt 0:00:30]} Qf7 {[%emt 0:00:30]} 36. Rxf5 {[%emt 0:00:30]} Qxf5 37. Kh2 {[%emt 0:00:30]} b5 {[%emt 0:01:00]} 38. Kg3 {[%emt 0:00:30]} b4 {[%emt 0:00:30]} 39. Qb3 {[%emt 0:00:30]} Qf8 {[%emt 0:00:30]} 40. Be1 {[%emt 0:00:30]} Qf5 {[%emt 0:00:30]} 41. Qxb4 {[%emt 0:00:30]} Qg6+ {[%emt 0:00:30]} 42. Kxf3 {[%emt 0:00:30]} Qe4+ 43. Kg3 {[%emt 0:00:30]} Qe3+ {[%emt 0:01:00]} 44. Kg2 {[%emt 0:00:30]} Qe4+ {[%emt 0:00:30]} 45. Kg1 {[%emt 0:00:30]} Qg4+ {[%emt 0:00:30]} 46. Kf1 {[%emt 0:00:30]} Qf4+ {[%emt 0:00:30]} 47. Bf2 {[%emt 0:00:30]} Qf3 {[%emt 0:00:30]} 48. Qd2 {[%emt 0:00:30]} Qh1+ {[%emt 0:00:30]} 49. Ke2 {[%emt 0:00:30]} Qe4+ {[%emt 0:00:30]} 50. Qe3 {[%emt 0:00:30]} Qc2+ {[%emt 0:00:30]} 51. Kf3 {[%emt 0:00:30]} Qd1+ {[%emt 0:00:30]} 52. Kg3 {[%emt 0:00:30]} Qc2 {[%emt 0:00:30]} 53. Qf3 {[%emt 0:00:30]} Qg6+ {[%emt 0:00:30]} 54. Qg4 {[%emt 0:00:30]} Qf7 {[%emt 0:00:30]} 55. Be3 {[%emt 0:00:30]} Kh7 {[%emt 0:00:30]} 56. h5 {[%emt 0:00:30]} 1-0

[Event "CCCSA IM Norm C 2019"]
[Site "Charlotte"]
[Date "2019.06.08"]
[Round "6.3"]
[White "Bregadze, Levan"]
[Black "Balleisen, Aaron"]
[Result "1-0"]
[WhiteElo "2462"]
[BlackElo "2203"]
[Annotator "ChessBase"]
[PlyCount "97"]
[EventDate "2019.06.05"]
[EventType "tourn"]
[EventCountry "USA"]
[SourceTitle "playchess.com"]
[Source "ChessBase"]
[SourceQuality "1"]
[TimeControl "5400+30"]

1. Nf3 {[%emt 1:30:30]} Nf6 {[%emt 1:30:30]} 2. c4 {[%emt 0:00:30]} b6 {[%emt 0:00:30]} 3. g3 {[%emt 0:00:30]} Bb7 {[%emt 0:00:30]} 4. Bg2 {[%emt 0:00:30]} c5 {[%emt 0:00:30]} 5. O-O {[%emt 0:00:30]} g6 {[%emt 0:00:30]} 6. d4 {[%emt 0:00:30]} cxd4 {[%emt 0:00:30]} 7. Qxd4 {[%emt 0:00:30]} Bg7 {[%emt 0:00:30]} 8. Nc3 {[%emt 0:00:30]} O-O {[%emt 0:00:30]} 9. Qh4 {[%emt 0:00:30]} Qc7 {[%emt 0:00:30]} 10. Bg5 {[%emt 0:00:30]} d6 {[%emt 0:00:30]} 11. Rac1 {[%emt 0:00:30]} Nbd7 {[%emt 0:00:30]} 12. Nd5 {[%emt 0:00:30]} Qd8 {[%emt 0:00:30]} 13. Nd4 {[%emt 0:00:30]} Rb8 {[%emt 0:00:30]} 14. Rfd1 {[%emt 0:00:30]} a6 {[%emt 0:00:30]} 15. b4 {[%emt 0:00:30]} e6 {[%emt 0:00:30]} 16. Nxf6+ {[%emt 0:00:30]} Bxf6 {[%emt 0:00:30]} 17. Bxf6 {[%emt 0:00:30]} Qxf6 {[%emt 0:00:30]} 18. Bxb7 {[%emt 0:00:30]} Qxh4 {[%emt 0:00:30]} 19. gxh4 {[%emt 0:00:30]} Rxb7 {[%emt 0:00:30]} 20. Nb3 {[%emt 0:00:30]} d5 {[%emt 0:00:30]} 21. cxd5 {[%emt 0:00:30]} exd5 {[%emt 0:00:30]} 22. Rxd5 {[%emt 0:00:30]} Nf6 {[%emt 0:00:30]} 23. Rd6 {[%emt 0:00:30]} Kg7 {[%emt 0:00:30]} 24. Rcc6 {[%emt 0:00:30]} Ne4 {[%emt 0:00:30]} 25. Rd4 {[%emt 0:00:30]} Re8 {[%emt 0:00:30]} 26. a4 {[%emt 0:00:30]} Nf6 {[%emt 0:00:30]} 27. e3 {[%emt 0:00:30]} Re5 {[%emt 0:00:30]} 28. Nd2 {[%emt 0:00:30]} Rd5 {[%emt 0:00:30]} 29. Nf3 {[%emt 0:00:30]} Rxd4 {[%emt 0:00:30]} 30. Nxd4 {[%emt 0:00:30]} Nd5 {[%emt 0:00:30]} 31. b5 {[%emt 0:00:30]} axb5 {[%emt 0:00:30]} 32. axb5 {[%emt 0:00:30]} Rd7 {[%emt 0:00:30]} 33. h5 {[%emt 0:00:30]} Rc7 {[%emt 0:00:30]} 34. Rd6 {[%emt 0:00:30]} Rc5 {[%emt 0:00:30]} 35. hxg6 {[%emt 0:00:30]} hxg6 {[%emt 0:00:30]} 36. Kg2 {[%emt 0:00:30]} Kf8 {[%emt 0:00:30]} 37. e4 {[%emt 0:00:30]} Nc3 {[%emt 0:00:30]} 38. Rxb6 {[%emt 0:00:30]} Nxe4 {[%emt 0:00:30]} 39. Rb8+ {[%emt 0:00:30]} Ke7 {[%emt 0:00:30]} 40. b6 {[%emt 0:00:30]} Nd6 {[%emt 0:00:30]} 41. Ra8 {[%emt 0:00:30]} Rc4 {[%emt 0:00:30]} 42. Nb5 {[%emt 0:00:30]} Rb4 {[%emt 0:00:30]} 43. Ra7+ {[%emt 0:00:30]} Ke6 {[%emt 0:00:30]} 44. Nxd6 {[%emt 0:00:30]} Kxd6 {[%emt 0:00:30]} 45. Rxf7 {[%emt 0:00:30]} Ke6 {[%emt 0:00:30]} 46. Rb7 {[%emt 0:00:30]} Rb3 {[%emt 0:00:30]} 47. Rb8 {[%emt 0:00:30]} Kf5 {[%emt 0:00:30]} 48. b7 {[%emt 0:00:30]} Kg4 {[%emt 0:00:30]} 49. h3+ {[%emt 0:00:30]} 1-0

[Event "CCCSA IM Norm C 2019"]
[Site "Charlotte"]
[Date "2019.06.08"]
[Round "6.4"]
[White "Jacobson, Aaron"]
[Black "Lorne, Ras Malaku"]
[Result "1-0"]
[WhiteElo "2302"]
[BlackElo "2159"]
[Annotator "NA"]
[PlyCount "51"]
[EventDate "2019.06.05"]
[EventType "tourn"]
[EventCountry "USA"]
[SourceTitle "playchess.com"]
[Source "ChessBase"]
[SourceQuality "1"]
[TimeControl "5400+30"]

1. Nf3 {[%emt 1:30:30]} Nf6 {[%emt 1:30:30]} 2. c4 {[%emt 0:00:30]} c5 {[%emt 0:00:30]} 3. Nc3 {[%emt 0:00:30]} Nc6 {[%emt 0:00:30]} 4. e3 {[%emt 0:00:30]} e6 {[%emt 0:00:30]} 5. d4 {[%emt 0:00:30]} d5 {[%emt 0:00:30]} 6. a3 {[%emt 0:00:30]} dxc4 {[%emt 0:00:30]} 7. Bxc4 {[%emt 0:00:30]} cxd4 {[%emt 0:00:30]} 8. exd4 {[%emt 0:00:30]} Be7 {[%emt 0:00:30]} 9. O-O {[%emt 0:00:30]} O-O {[%emt 0:00:30]} 10. Re1 {[%emt 0:00:30]} a6 {[%emt 0:00:30]} 11. Ba2 {[%emt 0:00:30]} b5 {[%emt 0:00:30]} 12. d5 {[%emt 0:00:30]} exd5 {[%emt 0:00:30]} 13. Nxd5 {[%emt 0:00:30]} Nxd5 {[%emt 0:00:30]} 14. Qxd5 {[%emt 0:00:30]} Bb7 {[%emt 0:00:30]} 15. Qh5 {[%emt 0:00:30]} Bf6 {[%emt 0:00:30]} 16. Ng5 {[%emt 0:00:30]} Bxg5 {[%emt 0:00:30]} 17. Bxg5 {[%emt 0:00:30]} Qd6 {[%emt 0:00:30]} 18. Rad1 {[%emt 0:00:30]} Qc7 {[%emt 0:00:30]} 19. Re4 {[%emt 0:00:30]} Rae8 {[%emt 0:00:30]} 20. Bf6 {[%emt 0:00:30]} Ne7 {[%emt 0:00:30]} 21. Rh4 {[%emt 0:00:30]} h6 {[%emt 0:00:30]} 22. Qxh6 {[%emt 0:00:30]} gxh6 {[%emt 0:00:30]} 23. Rg4+ {[%emt 0:00:30]} Kh7 {[%emt 0:00:30]} 24. Rg7+ {[%emt 0:00:30]} Kh8 {[%emt 0:00:30]} 25. Bb1 {[%emt 0:00:30]} Nd5 {[%emt 0:00:30]} 26. Rh7+ {[%emt 0:00:30]} 1-0

[Event "CCCSA IM Norm C 2019"]
[Site "Charlotte"]
[Date "2019.06.08"]
[Round "6.5"]
[White "Turgut, Aydin"]
[Black "Ludwig, John"]
[Result "1/2-1/2"]
[WhiteElo "2286"]
[BlackElo "2374"]
[Annotator "NA"]
[PlyCount "101"]
[EventDate "2019.06.05"]
[EventType "tourn"]
[EventCountry "USA"]
[SourceTitle "playchess.com"]
[Source "ChessBase"]
[SourceQuality "1"]
[TimeControl "5400+30"]

1. e4 {[%emt 1:30:30]} d6 {[%emt 1:30:30]} 2. d4 {[%emt 0:00:30]} Nf6 {[%emt 0:00:30]} 3. Nc3 {[%emt 0:00:30]} c6 {[%emt 0:00:30]} 4. Nf3 {[%emt 0:00:30]} Bg4 {[%emt 0:00:30]} 5. h3 {[%emt 0:00:30]} Bh5 {[%emt 0:00:30]} 6. g4 {[%emt 0:00:30]} Bg6 {[%emt 0:00:30]} 7. Qe2 {[%emt 0:00:30]} e6 {[%emt 0:00:30]} 8. h4 {[%emt 0:00:30]} h5 {[%emt 0:00:30]} 9. g5 {[%emt 0:00:30]} Nfd7 {[%emt 0:00:30]} 10. Bh3 {[%emt 0:00:30]} Be7 {[%emt 0:00:30]} 11. O-O {[%emt 0:00:30]} O-O {[%emt 0:00:30]} 12. Ne1 {[%emt 0:00:30]} e5 {[%emt 0:00:30]} 13. f4 {[%emt 0:00:30]} exf4 {[%emt 0:00:30]} 14. Bxf4 {[%emt 0:00:30]} Qb6 {[%emt 0:00:30]} 15. Qe3 {[%emt 0:00:30]} Re8 {[%emt 0:00:30]} 16. Nd3 {[%emt 0:00:30]} Nf8 {[%emt 0:00:30]} 17. Qf2 {[%emt 0:00:30]} Nbd7 {[%emt 0:00:30]} 18. Be3 {[%emt 0:00:30]} d5 {[%emt 0:00:30]} 19. exd5 {[%emt 0:00:30]} Bb4 {[%emt 0:00:30]} 20. dxc6 {[%emt 0:00:30]} Bxc3 {[%emt 0:00:30]} 21. cxb7 {[%emt 0:00:30]} Rad8 {[%emt 0:00:30]} 22. bxc3 {[%emt 0:00:30]} Qxb7 {[%emt 0:00:30]} 23. c4 {[%emt 0:00:30]} Nb6 {[%emt 0:00:30]} 24. Ne5 {[%emt 0:00:30]} Rxe5 {[%emt 0:00:30]} 25. dxe5 {[%emt 0:00:30]} Nxc4 {[%emt 0:00:30]} 26. Bg2 {[%emt 0:00:30]} Qc8 {[%emt 0:00:30]} 27. Rad1 {[%emt 0:00:30]} Rxd1 {[%emt 0:00:30]} 28. Rxd1 {[%emt 0:00:30]} Nxe5 {[%emt 0:00:30]} 29. Bxa7 {[%emt 0:00:30]} Ne6 {[%emt 0:00:30]} 30. Rd2 {[%emt 0:00:30]} Ng4 {[%emt 0:00:30]} 31. Qg3 {[%emt 0:00:30]} Qa6 {[%emt 0:00:30]} 32. Bd4 {[%emt 0:00:30]} Qxa2 {[%emt 0:00:30]} 33. Qb3 {[%emt 0:00:30]} Qa5 {[%emt 0:00:30]} 34. Qc3 {[%emt 0:00:30]} Qb5 {[%emt 0:00:30]} 35. Qb3 {[%emt 0:00:30]} Nxd4 {[%emt 0:00:30]} 36. Rxd4 {[%emt 0:00:30]} Qe5 {[%emt 0:00:30]} 37. Qc3 {[%emt 0:00:30]} Qh2+ {[%emt 0:00:30]} 38. Kf1 Qxh4 {[%emt 0:00:30]} 39. Qd2 {[%emt 0:01:00]} Qg3 {[%emt 0:00:30]} 40. Kg1 {[%emt 0:00:30]} Ne3 {[%emt 0:00:30]} 41. Rd8+ {[%emt 0:00:30]} Kh7 {[%emt 0:00:30]} 42. Re8 {[%emt 0:00:30]} Nxg2 {[%emt 0:00:30]} 43. Qxg2 {[%emt 0:00:30]} Qxg2+ {[%emt 0:00:30]} 44. Kxg2 {[%emt 0:00:30]} Bxc2 {[%emt 0:00:30]} 45. Kg3 {[%emt 0:00:30]} Kg6 {[%emt 0:00:30]} 46. Kh4 {[%emt 0:00:30]} Bf5 {[%emt 0:00:30]} 47. Rh8 {[%emt 0:00:30]} Bg4 {[%emt 0:00:30]} 48. Rf8 {[%emt 0:00:30]} f6 {[%emt 0:00:30]} 49. gxf6 {[%emt 0:00:30]} gxf6 {[%emt 0:00:30]} 50. Ra8 {[%emt 0:00:30]} Kf5 {[%emt 0:00:30]} 51. Ra5+ {[%emt 0:00:30] Ke5} 1/2-1/2

[Event "CCCSA IM Norm C 2019"]
[Site "Charlotte"]
[Date "2019.06.09"]
[Round "7.1"]
[White "Hevia Alejano, Carlos Antonio"]
[Black "Adamson, Robby"]
[Result "1/2-1/2"]
[WhiteElo "2481"]
[BlackElo "2238"]
[Annotator "RC"]
[PlyCount "156"]
[EventDate "2019.06.05"]
[EventType "tourn"]
[EventCountry "USA"]
[SourceTitle "playchess.com"]
[Source "ChessBase"]
[SourceQuality "1"]
[TimeControl "5400+30"]

1. Nf3 {[%emt 1:30:30]} d5 {[%emt 1:30:30]} 2. c4 {[%emt 0:00:30]} d4 {[%emt 0:00:30]} 3. e3 {[%emt 0:00:30]} Nc6 {[%emt 0:00:30]} 4. d3 {[%emt 0:00:30]} dxe3 {[%emt 0:00:30]} 5. Bxe3 {[%emt 0:00:30]} e5 {[%emt 0:00:30]} 6. Nc3 {[%emt 0:00:30]} Nf6 {[%emt 0:00:30]} 7. d4 {[%emt 0:00:30]} exd4 {[%emt 0:00:30]} 8. Nxd4 {[%emt 0:00:30]} Nxd4 {[%emt 0:00:30]} 9. Qxd4 {[%emt 0:00:30]} Be6 {[%emt 0:00:30]} 10. O-O-O {[%emt 0:00:30]} Qxd4 {[%emt 0:00:30]} 11. Bxd4 {[%emt 0:00:30]} c6 {[%emt 0:00:30]} 12. Bxf6 {[%emt 0:00:30]} gxf6 {[%emt 0:00:30]} 13. Ne4 {[%emt 0:00:30]} f5 {[%emt 0:00:30]} 14. Nd6+ {[%emt 0:00:30]} Bxd6 {[%emt 0:00:30]} 15. Rxd6 {[%emt 0:00:30]} Ke7 {[%emt 0:00:30]} 16. Rd2 {[%emt 0:00:30]} Rad8 {[%emt 0:00:30]} 17. Be2 {[%emt 0:00:30]} Rhg8 {[%emt 0:00:30]} 18. g3 {[%emt 0:00:30]} Kf6 {[%emt 0:00:30]} 19. Rxd8 {[%emt 0:00:30]} Rxd8 {[%emt 0:00:30]} 20. Kc2 {[%emt 0:00:30]} Ke5 {[%emt 0:00:30]} 21. Kc3 {[%emt 0:00:30]} c5 {[%emt 0:00:30]} 22. Re1 {[%emt 0:00:30]} Kf6 {[%emt 0:00:30]} 23. a3 {[%emt 0:00:30]} a5 {[%emt 0:00:30]} 24. f4 {[%emt 0:00:30]} b6 {[%emt 0:00:30]} 25. b3 {[%emt 0:00:30]} Rd7 {[%emt 0:00:30]} 26. Bd3 {[%emt 0:00:30]} Rd8 {[%emt 0:00:30]} 27. Rb1 {[%emt 0:00:30]} Ra8 {[%emt 0:00:30]} 28. Be2 {[%emt 0:00:30]} Ke7 {[%emt 0:00:30]} 29. Bf3 {[%emt 0:00:30]} Ra7 {[%emt 0:00:30]} 30. Re1 {[%emt 0:00:30]} Rd7 {[%emt 0:00:30]} 31. Re5 {[%emt 0:00:30]} Kf6 {[%emt 0:00:30]} 32. Be2 {[%emt 0:00:30]} Ra7 {[%emt 0:00:30]} 33. Bf3 {[%emt 0:00:30]} Rd7 {[%emt 0:00:30]} 34. b4 {[%emt 0:00:30]} axb4+ {[%emt 0:00:30]} 35. axb4 {[%emt 0:00:30]} Rd4 {[%emt 0:00:30]} 36. Be2 {[%emt 0:00:30]} Re4 {[%emt 0:00:30]} 37. bxc5 {[%emt 0:00:30]} bxc5 {[%emt 0:00:30]} 38. Rxe4 {[%emt 0:00:30]} fxe4 {[%emt 0:00:30]} 39. Kd2 {[%emt 0:00:30]} Kg6 {[%emt 0:00:30]} 40. g4 {[%emt 0:00:30]} f5 {[%emt 0:00:30]} 41. gxf5+ {[%emt 0:00:30]} Kxf5 {[%emt 0:00:30]} 42. Ke3 {[%emt 0:00:30]} Bf7 {[%emt 0:00:30]} 43. Bf1 {[%emt 0:00:30]} Bg8 {[%emt 0:00:30]} 44. Bg2 {[%emt 0:00:30]} Bxc4 {[%emt 0:00:30]} 45. Bxe4+ {[%emt 0:00:30]} Kf6 {[%emt 0:00:30]} 46. Bxh7 {[%emt 0:00:30]} Be6 {[%emt 0:00:30]} 47. Be4 {[%emt 0:00:30]} Bh3 {[%emt 0:00:30]} 48. Kd2 {[%emt 0:00:30]} Ke6 {[%emt 0:00:30]} 49. Kc3 {[%emt 0:00:30]} Ke7 {[%emt 0:00:30]} 50. Kd3 {[%emt 0:00:30]} Ke6 {[%emt 0:00:30]} 51. Bb7 {[%emt 0:00:30]} Kf6 {[%emt 0:00:30]} 52. Bd5 {[%emt 0:00:30]} Bf1+ {[%emt 0:00:30]} 53. Ke3 {[%emt 0:00:30]} Bh3 {[%emt 0:00:30]} 54. Bc4 {[%emt 0:00:30]} Kf5 {[%emt 0:00:30]} 55. Kf3 {[%emt 0:00:30]} Kf6 {[%emt 0:00:30]} 56. Kg3 {[%emt 0:00:30]} Bf5 {[%emt 0:00:30]} 57. h4 {[%emt 0:00:30]} Bg6 {[%emt 0:00:30]} 58. Kf3 {[%emt 0:00:30]} Ke7 {[%emt 0:00:30]} 59. Bd5 {[%emt 0:00:30]} Kf6 {[%emt 0:00:30]} 60. Kf2 {[%emt 0:00:30]} Kf5 {[%emt 0:00:30]} 61. Kg3 {[%emt 0:00:30]} Kf6 {[%emt 0:00:30]} 62. Kg4 {[%emt 0:00:30]} Bd3 {[%emt 0:00:30]} 63. Kf3 {[%emt 0:00:30]} Bg6 {[%emt 0:00:30]} 64. Ke3 {[%emt 0:00:30]} Bh5 {[%emt 0:00:30]} 65. Bf3 {[%emt 0:00:30]} Bg6 {[%emt 0:00:30]} 66. h5 {[%emt 0:00:30]} Bf7 {[%emt 0:00:30]} 67. h6 {[%emt 0:00:30]} Be6 {[%emt 0:00:30]} 68. Be4 {[%emt 0:00:30]} Bc4 {[%emt 0:00:30]} 69. f5 {[%emt 0:00:30]} Bg8 {[%emt 0:00:30]} 70. Kf4 {[%emt 0:00:30]} c4 {[%emt 0:00:30]} 71. Bb1 {[%emt 0:00:30]} c3 {[%emt 0:00:30]} 72. Bc2 {[%emt 0:00:30]} Bh7 {[%emt 0:00:30]} 73. Kg4 {[%emt 0:00:30]} Bg8 {[%emt 0:00:30]} 74. Kf4 {[%emt 0:00:30]} Bh7 {[%emt 0:00:30]} 75. Ke3 {[%emt 0:00:30]} Kg5 {[%emt 0:00:30]} 76. f6 {[%emt 0:00:30]} Kxf6 {[%emt 0:00:30]} 77. Bxh7 {[%emt 0:00:30]} Kg5 {[%emt 0:00:30]} 78. Kd3 {[%emt 0:00:30]} Kf6 {[%emt 0:00:30]} 1/2-1/2

[Event "CCCSA IM Norm C 2019"]
[Site "Charlotte"]
[Date "2019.06.09"]
[Round "7.2"]
[White "Lorne, Ras Malaku"]
[Black "Turgut, Aydin"]
[Result "1/2-1/2"]
[WhiteElo "2159"]
[BlackElo "2286"]
[Annotator "TA"]
[PlyCount "37"]
[EventDate "2019.06.05"]
[EventType "tourn"]
[EventCountry "USA"]
[SourceTitle "playchess.com"]
[Source "ChessBase"]
[SourceQuality "1"]

{[%evp 9,37,0,0,0,0,-16,-16,-19,-18,-9,0,-21,-23,-52,0,-22,0,0,0,-4,43,13,26,0,26,8,23,0,35,33]} 1. d4 Nf6 2. Bg5 d5 3. e3 c5 4. Bxf6 gxf6 5. c4 (5. dxc5 Nc6 6. Bb5 e6 7. c4 dxc4 8. Nd2 c3 9. bxc3 Qd5 10. Ngf3 Qxc5 11. Ba4 Bg7 12. Ne4 Qa5 13. Bxc6+ bxc6 {½-½ (42) Vitiugov,N (2719)-Le,Q (2714) St Petersburg 2018}) 5... cxd4 6. Qxd4 {D00: 1 d4 d5: Unusual lines} dxc4 7. Qxd8+ Kxd8 8. Bxc4 {The position is equal.} e6 9. Nc3 a6 10. O-O-O+ Nd7 11. Nf3 Kc7 (11... Bb4 $15) 12. Nd4 Bb4 $146 ({Predecessor:} 12... Ne5) 13. Be2 Rg8 14. g3 Ne5 15. Nc2 Be7 16. Rd4 Bd7 17. f4 Bc6 (17... Nc6 $5 {[%cal Rc6d4]}) 18. Rhd1 Nd7 19. Nb4 {Accuracy: White = 29%, Black = 20%.} 1/2-1/2

[Event "CCCSA IM Norm C 2019"]
[Site "Charlotte"]
[Date "2019.06.09"]
[Round "7.3"]
[White "Wang, Jason"]
[Black "Jacobson, Aaron"]
[Result "0-1"]
[WhiteElo "2285"]
[BlackElo "2302"]
[Annotator "TA"]
[PlyCount "76"]
[EventDate "2019.06.05"]
[EventType "tourn"]
[EventCountry "USA"]
[SourceTitle "playchess.com"]
[Source "ChessBase"]
[SourceQuality "1"]

{[%evp 10,122,0,0,0,0,11,-8,-12,0,0,0,0,0,4,0,7,11,0,0,16,0,10,-32,0,-2,-25,-16,-2,-83,-54,-70,-66,-62,-68,-67,-61,-55,-77,-153,-127,-117,-91,-195,-223,-396,-415,-383,-397,-473,-442,-453,-454,-454,-438,-434,-464,-414,-378,-629,-629,-812,-807,-865,-846,-897,-887,-747,-630,-627,-627,-612,-524,-524,-537,-537,-537,-581,-556,-693,-693,-681,-612,-565,-560,-536,-487,-29945,-29954,-29940,-29944,-29951,-29952,-12688,-11916,-2508,-1898,-1646,-576,-29969,-29972,-29971,-29973,-29973,-5941,-29981,-29966,-4602,0,-29981,-29982,-29982,-29983,-29996,-29960]} 1. d4 Nf6 ({Predecessor:} 1... d5 2. c4 e6 3. Nf3 {0-1 (26) Plankert,H (2224)-Krause,P (2462) Remote email 2014}) 2. c4 e6 3. Nf3 d5 4. Nc3 Be7 5. Qc2 c5 6. dxc5 d4 {D37: Queen's Gambit Declined: 5 Bf4} 7. Nb5 e5 8. Nxe5 a6 $1 {[%cal Ra6b5] The position is equal.} 9. Na3 O-O $146 (9... Bxc5 10. Nd3 O-O 11. Nxc5 Qa5+ 12. Bd2 Qxc5 13. e3 Nc6 14. Bd3 {1-0 (50) Le,Q (2737)-Sargissian,G (2672) Riadh 2017}) 10. Nd3 Bf5 11. g3 Nbd7 12. Bg2 Nxc5 13. O-O Rc8 14. Qd1 Nce4 15. f3 Nc5 16. Nc2 Re8 17. Bg5 h6 18. Bxf6 Bxf6 19. Rf2 (19. Ncb4 $11) 19... Qd6 $36 {[%mdl 2048] Black fights for an advantage.} 20. Qd2 {[#]} Rxe2 $1 {[%mdl 512]} 21. Rxe2 (21. Qxe2 Nxd3) 21... Bxd3 22. Ree1 Bxc4 23. Na3 Be6 24. Rad1 (24. Rac1 $142 Qd8 25. Bf1) 24... Na4 $17 {[%cal Bc5a4,Ba4b2,Bb2c4,Bc4d2][%mdl 32]} 25. f4 Qb6 {Hoping for ...d3+.} 26. Kh1 (26. b3 $17 {was the only defense.} d3+ 27. Kf1) 26... Nxb2 27. Rb1 $2 (27. Rc1 Rxc1 28. Rxc1) 27... d3 $19 28. Rbc1 {Strongly threatening Rxc8+.} Rd8 29. Be4 Qd6 30. Nb1 Nc4 31. Qg2 {White wants to play f5.} d2 32. Nxd2 Nxd2 ({Don't take} 32... Qxd2 33. f5 $19) 33. Bxb7 Bxa2 34. Re2 $2 (34. Rc6 Bd5 {[%mdl 64] Double Attack} 35. Rxd6 Bxg2+ 36. Kxg2 Rxd6 37. Re8+ Kh7 38. Ra8) 34... Bb3 35. h3 a5 {[%cal Ba6a5,Ba5a4][%mdl 32]} 36. Kh2 a4 37. Rc6 Qd3 {White must now prevent ...Nf3+.} 38. Ra6 Bc3 {Played: Bb3-c4} 0-1

[Event "CCCSA IM Norm C 2019"]
[Site "Charlotte"]
[Date "2019.06.09"]
[Round "7.4"]
[White "Ludwig, John"]
[Black "Bregadze, Levan"]
[Result "1/2-1/2"]
[WhiteElo "2374"]
[BlackElo "2462"]
[Annotator "RC"]
[PlyCount "38"]
[EventDate "2019.06.05"]
[EventType "tourn"]
[EventCountry "USA"]
[SourceTitle "playchess.com"]
[Source "ChessBase"]
[SourceQuality "1"]
[TimeControl "5400+30"]

1. e4 {[%emt 1:30:30]} c5 {[%emt 1:30:30]} 2. Nf3 {[%emt 0:00:30]} d6 {[%emt 0:00:30]} 3. d4 {[%emt 0:00:30]} cxd4 {[%emt 0:00:30]} 4. Qxd4 {[%emt 0:00:30]} Nc6 {[%emt 0:00:30]} 5. Bb5 {[%emt 0:00:30]} Bd7 {[%emt 0:00:30]} 6. Bxc6 {[%emt 0:00:30]} Bxc6 {[%emt 0:00:30]} 7. Nc3 {[%emt 0:00:30]} a6 {[%emt 0:00:30]} 8. Bg5 {[%emt 0:00:30]} h6 {[%emt 0:00:30]} 9. Bh4 {[%emt 0:00:30]} e5 {[%emt 0:00:30]} 10. Qe3 {[%emt 0:00:30]} g5 {[%emt 0:00:30]} 11. Bg3 {[%emt 0:00:30]} Nf6 {[%emt 0:00:30]} 12. h4 {[%emt 0:00:30]} g4 {[%emt 0:00:30]} 13. Nd2 {[%emt 0:00:30]} b5 {[%emt 0:00:30]} 14. a3 {[%emt 0:00:30]} Be7 {[%emt 0:00:30]} 15. Nf1 {[%emt 0:00:30]} a5 {[%emt 0:00:30]} 16. Qd3 {[%emt 0:00:30]} b4 {[%emt 0:00:30]} 17. Nd5 {[%emt 0:00:30]} Nxd5 {[%emt 0:00:30]} 18. exd5 {[%emt 0:00:30]} Bd7 {[%emt 0:00:30]} 19. Ne3 {[%emt 0:00:30]} Qc8 {[%emt 0:00:30]} 1/2-1/2